Marketingová štúdia vybraného podniku bakalárska práca

Guardado en:
Detalles Bibliográficos
Autor principal: Pecušová, Martina
Autor Corporativo: Fakulta podnikového manažmentu EU. Katedra manažmentu
Otros Autores: Šinský, Peter
Formato: Libro
Lenguaje:eslovaco
Publicado: Bratislava 2014
Etiquetas: Agregar Etiqueta
Sin Etiquetas, Sea el primero en etiquetar este registro!

MARC

LEADER 00000nbm a2200000 4500
001 0189556
005 20170201091540.2
041 0 |a slo 
044 |a SK 
245 1 0 |a Marketingová štúdia vybraného podniku  |b bakalárska práca  |c Martina Pecušová ; školiteľ: Peter Šinský 
264 1 |a Bratislava  |c 2014 
300 |a 58 s. 
100 1 |a Pecušová, Martina 
700 1 |a Šinský, Peter 
710 2 |a Fakulta podnikového manažmentu EU. Katedra manažmentu